000
00254nam a2200109Ia 4500
008
190216s9999||||xx |||||||||||||| ||und||
100
_a
Sharma
245
0
_a
Auditing Principles And Problems
260
_b
Sahithya Bhavan
650
_a
Commerce
942
_c
BK
999
_c
5308
_d
5308